000
00231nam a2200097Ia 4500
001
807938
005
20250826171240.0
008
250824s9999 xx 000 0 und d
245
0
_a
SELMANI PAK
_c
EREN ERDEM
260
_b
DESTEK YAYINLARI
999
_c
807938
_d
807938